000 00614nam a2200241Ia 4500
003 OSt
005 20221005122359.0
006 a|||||r|||| 00| 0
007 ta
008 221004b |||||||| |||| 00| 0 fre d
024 _a53425
037 _cTextual
040 _aCRL
_cCRL
_bfre
041 _2fre
_afre
082 _aO122,3xM7, 32J7
100 _aNair C.I. Raman
_9594674
245 0 _aJayichu pakshe thottu
260 _c1957
300 _a136p.
_ccm.
650 _aFRENCH FICTION
_9155413
942 _hO122,3xM7, 32J7
_cTEXL
_2cc
999 _c1044108
_d1044108